00445nam a2200169Ia 4500008004100000020001800041050001400059100001600073245002500089245006200114245001900176260001500195260001600210260000900226300001600235300002400251170918s9999 xx 000 0 und d a9789810900298 bP639 2014 aPilkey, Dav aCaptain underpants : band the tyrannical retaliation of the turbo toilet 2000 / cby Dav Pilkey. aNew York : bScholastic, c2014 a220 pages : eCaptain underpants.